Quizzes
Events
Quiz Creation
Community
Videos
Private Events
Remove Ads
Sign In
Join for FREE
Feedback
Dark Mode
Quiz Categories
Sports
Geography
Music
Movies
Television
Just For Fun
Miscellaneous
History
Literature
Language
Science
Gaming
Entertainment
Religion
Holiday
For Kids
Quiz Lab
Recent
Popular Today
Quiz Kudos Today
Editor Picks
Curator Picks
Quizzes by...
Day
Popularity
Type
Ratings
Length
Year
Community
Subscriptions
Recent Discussions
Orange Saloon
Badges
Playlists
Quests
Create
Leaderboards
Showdown
Live 5
Trivia Bingo
Activity
Puzzle Library
Sporcle Events
Private Events
Virtual Trivia
Globe League
Become a Host
Pub Owners
SporcleCon
Opinionation
Our Games
Videos
Blog
Mobile Apps
Partnerships
Remove Ads and Go Orange
Feedback
Just For Fun
Clickable
Get the Picture
Humor
Quick Pick
Word Ladder
Missing Word
Mixed Word
Blitz
Minefield
This or That
Alphabet
Color
Typing
Sporcle
Puzzle
Word Play
Follow That Line
Logic
Just For Fun
Clickable
Get the Picture
Humor
Quick Pick
Word Ladder
Missing Word
Mixed Word
Blitz
Minefield
This or That
Alphabet
Color
Typing
Sporcle
Puzzle
Word Play
Follow That Line
Logic
Random Quiz
Search Sporcle
×
Quiz Lab
Quiz Lab
Just For Fun
Law Cases
Type in answers that appear in a list
Type in answers that appear in a list
Classic
Best Score? Go Orange.
Cases for Con Law 1 Stats
Can you name the Cases for Con Law 1?
By
belljor12
10m
55 Questions
25 Plays
25 Plays
25 Plays
Comments
Comments
Give Quiz Kudos
Give Quiz Kudos
-
- Ratings
hide this ad
Forced Order
Answers have to be entered in order
Answers have to be entered in order
Random Order
Randomize order of answers
Randomize order of answers
Replay
Link that replays current quiz
Next Quiz
Link to next quiz in quiz playlist
You Got
0%
They Got
Avg Score
33%
Avg Friend Score
Upgrade to see
Score Distribution
Jump to the score distribution portion of the page
Score
0/55
Timer
10:00
0
Plays Today
Holding
Case name
% Correct
Guns in school zones and 3 areas congress may regulate
U.S. Vs Lopez
68%
SCOTUS has the power to review acts of congress
Marbury vs madison
64%
If the act was not within official acts then no immunity
Clinton vs Jones
56%
Regulating medicinal weed is economic activity
Gonzalez vs Raich
52%
Line item veto act did not provide guidelines
Clinton vs NY
52%
Guantanamo bay is now USA territory
Rasul vs Bush
48%
Privilege cannot be based on a generalized interest
US vs Nixon
48%
A president's official acts while sitting are always immune
Nixon vs Fitzgerald
48%
Impeachment is a political question
Nixon vs US
44%
If want to sue a state for money have to use what amendment
14
44%
Now it comes down to whether the activity places a substantial economic effect on interstate commerce
Wickard vs Filburn
40%
Has to be an economic activity for congress to regulate it in interstate commerce
US vs Morrison
40%
Home processing example
Dean milk
40%
Federal courts have no jurisdiction over enemy aliens held outside the USA
Johnson vs Eisentrager
40%
If contest enemy status and American citizen the at least entitled to a neutral judge
Hamdi vs Rumsfield
40%
The most important habeas case
Boumediene vs Bush
40%
Will the restriction on removal impede the president's power
Morrison vs Olsen
40%
States have to listen to the holdings of SCOTUS
Cooper vs aaron
36%
Court can determine qualifications for house representatives
Powell vs McCormick
36%
An interpretation of the equal protections clause is not a political question
Bush vs Gore
36%
Current law in dormant commerce clause is no discrimination
Philadelphia vs new jersey
36%
Balancing test used in de facto discrimination
Pike vs bruce church
36%
Separation of powers big case with jackson's concurrence
Youngstown vs Sawyer
36%
Under habeas look if presidential power is allowed under jackson's concurrence
Hamdam vs Rumsfeld
36%
Any legislative action has to go through presentment and bicameralism
INS vs Chada
36%
If there is any executive power then congress cannot remove
Bowsher vs Synar
36%
An interpretation of the constitution carries the weight of the constitution
Dickerson vs us miranda
32%
Political question six factor test
Baker vs Carr
32%
Holding
Case name
% Correct
SCOTUS has judicial review over state cases
Matin vs Hunters Lessee
32%
Congress cannot change what the constitution gives
Ex Parte McCardle
32%
Necessary and proper clause is the convenient useful and proper clause
McCulloch vs Maryland
32%
Congress has exclusive power to regulate undesirable interstate commerce
Lottery case
32%
The commerce clause is not around to require states to exercise their police power to prevent unfair competition
Child labor case
32%
Removed the manufacturing distinction
NLRB vs Jones
32%
Discrimination cases
Heart of Atlanta and Ollie's BBQ
32%
Incentives no punishment when regulating a state only activity
New York vs US
32%
Example of meeting strict scrutiny
Maine vs taylor baitfish
32%
If admit to enemy status the constitution does not extend the right to a jury trial
Ex parte quinn
32%
President has the power to terminate a treaty unilaterally is a political question
Goldwater vs Carter
28%
Cannot tell a state executive branch how to enforce state laws
Print vs. US
28%
Dormant commerce clause exception 1
United haulers
28%
Dormant commerce clause exception 3
South central timer in alaska
28%
Example of meeting de facto discrimination
Exxon
28%
A political question is about not stepping on the toes of other branches
Luther vs Borden
24%
Big preemption case
PG&E vs State Energy
24%
An example of category 1 of presidential power -
action has happened over a long time so consent
Dames and Morgan vs Regan
24%
Limitations on the spending power
South Dakota vs Dole
20%
Dormant commerce clause exception 2
Cooley
20%
If congress appoints then officered can only do legislative activities
Buckley vs Valeo
20%
Delegation doctrine have to have legislative purpose and guidelines
Yakus vs US
16%
Any official with executive power must be removable by the president OR someone that the president can remove at will
Free enterprise fund vs public company
16%
If the task is not within the original power of the states they do not have it now
US Term Limits vs Thornton
12%
Hamilton said power to tax must be used to provide for the general welfare of the state
US vs Butler
12%
The preamble of the constitution is not a source of law
Glassroth vs Moore
4%
Can regulate states in the same way as regulate private
Garcia vs San Antonio Metro
4%
Quiz Playlist
Details
Report
Send in Message
Add To Playlist
Classic:
Type in answers that appear in a list
Forced Order:
Answers have to be entered in order
Random Order:
Randomize order of answers
Last Updated: Feb 16, 2017
Quiz Scoreboard
CHALLENGE
Sign Up to Join the Scoreboard
Show All
Scores
Hide
Comments
May contain spoilers
Recently Published
Movies - When Are They Set?
by FPL_Elf
Movies
5m
Popular People in 1961
by mucciniale
History
6m
1-10 Letter E Words III
by El_Dandy
Language
2m
More to Explore
Quiz From the Vault
Featured Blog Post
Where Did the Easter Bunny Come From?
hide this ad
You Might Also Like...
Tags
constitution
Law Cases
Today's Top Quizzes in Just For Fun
Browse Just For Fun
hide this ad
Today's Top Quizzes in Law Cases
Browse Law Cases
Top Contributed Quizzes in Just For Fun
1
Harry Potter Logic - 'In Chains' II
2
Crossword Whiteout! 49
3
Survivor Winners Logic Puzzle
4
1-30 Clickable Mines
5
Harry Potter Logic Puzzle
6
one piece logic puzzle
7
Thermometer Puzzle 25
8
Zeroing In: Just For Fun
9
Word Ladder: Ahoy Matey
10
Aquarium Logic Puzzle 17
Explore More
Trending Topics
Kpop
Disney
NBA
Marvel
Harry Potter
Crossword
Anime
Country
The Office
Pokémon
Soccer
NFL
WWE
Song
Puzzle
hide this ad
More By:
belljor12
Quiz
Plays
Rating
Category
Featured
Created
Cases for Con Law 1
25
1.00
Just For Fun
Dec 11, 2010
Evidence for Ross - Good One
10
Miscellaneous
Dec 8, 2010
Go to Creator's Profile
Score Distribution
Quiz Creator Spotlight
belljor12
Follow
Send a Message
Quizzes Created
-
Created Quiz Play Count
-
More By This Creator
Popular Quizzes Today
1
Find the Countries of Europe - No Outlines Minefield
2
Find the US States - No Outlines Minefield
3
The Countries of the World
4
Popular People in 1961
5
1-10 Letter E Words III
6
US States
7
Find the US States
8
One Thing in Common: World Cities II
More Just For Fun Quizzes
Find That Segment (Circle) II
Published
Trending Quizzes
Risky Map Clicking: Least Populous States A-Z
Humor Books: The Subtitles
1-10 Letter F Words
1-10 Letter G Words
One Thing in Common: United Kingdom
Recently Updated
Leaping Animals
pecheneg
Reality TV Shows (A-Z)
bhenderson79
Rickey Henderson's Hall of Fame Teammates
pecheneg
Champions League XIs: Arsenal
pecheneg
Quick Pick: Celebrities in WWE's Hall of Fame
aduchscher
A-Z Keypad Blitz II
pecheneg
Multiple Oscar Actors
pecheneg
Mystery Phrase Blitz: Oscar 'Best Actors'
pecheneg
F. Scott Fitzgerald Novels
LTH
Pick 3 Villains
ddd62291
Trending Topics
Disney
Harry Potter
Crossword
Anime
Kpop
Marvel
NBA
Pokémon
Puzzle
Country
NFL
WWE
The Office
Soccer
Song
Your Account Isn't Verified!
In order to create a playlist on Sporcle, you need to verify the email address you used during registration. Go to your
Sporcle Settings
to finish the process.
Report this User
Report this user for behavior that violates our
Community Guidelines
.
Details:
Send Report
Go to the Sporcle.com Mobile Site →
Comments